[Event "O Pohár mìsta Øíèany 2014 - OPEN A"]
[Site "Øíèany"]
[Date "2014.08.27"]
[Round "6.1"]
[White "Gregor, Jiri"]
[Black "Moravec, Vit"]
[Result "1/2-1/2"]
[WhiteElo "2262"]
[BlackElo "2162"]
[PlyCount "83"]

1. d4 Nf6 2. c4 e6 3. Nf3 b6 4. a3 Bb7 5. Nc3 d5 6. cxd5 Nxd5 7. Qc2 Nxc3 8.
bxc3 Be7 9. e4 O-O 10. Bd3 c5 11. O-O Qc8 12. Qe2 Ba6 13. h4 cxd4 14. cxd4 Bxd3
15. Qxd3 Qa6 16. Qb3 Nd7 17. Bg5 Bxg5 18. hxg5 Rfc8 19. a4 Rc7 20. g3 Rac8 21.
Kg2 Rc3 22. Qb5 Qb7 23. Rfe1 a6 24. Qe2 Rc2 25. Qe3 Qc7 26. Rh1 Rc3 27. Qe1 Qc4
28. Rh4 Qd3 29. Rf4 Rc2 30. Qh1 Rxf2+ 31. Kh3 Rc3 32. Rd1 Qc2 33. Kg4 f5+ 34.
exf5 exf5+ 35. Rxf5 Qe4+ 36. Rf4 Qe6+ 37. Kh4 Nf8 38. Ne5 Rxf4+ 39. gxf4 Qf5
40. Qd5+ Ne6 41. Qa8+ Nf8 42. Qd5+ 1/2-1/2

[Event "O Pohár mìsta Øíèany 2014 - OPEN A"]
[Site "Øíèany"]
[Date "2014.08.27"]
[Round "6.2"]
[White "Balacek, Tadeas"]
[Black "Rut, Vojtech"]
[Result "1/2-1/2"]
[WhiteElo "2237"]
[BlackElo "2119"]
[PlyCount "41"]

1. d4 Nf6 2. c4 c5 3. d5 e6 4. Nc3 exd5 5. cxd5 Bd6 6. g3 O-O 7. Bg2 Re8 8. Nf3
Bc7 9. d6 Ba5 10. O-O Bxc3 11. bxc3 Ne4 12. Qd3 Qf6 13. Be3 Na6 14. Nh4 Qe6 15.
Bf4 h6 16. Nf3 g5 17. Nd2 f5 18. Be3 b6 19. g4 Bb7 20. gxf5 Qxf5 21. Nxe4
1/2-1/2

[Event "O Pohár mìsta Øíèany 2014 - OPEN A"]
[Site "Øíèany"]
[Date "2014.08.27"]
[Round "6.3"]
[White "Vyprachticky, David"]
[Black "Vanka, Miloslav"]
[Result "1/2-1/2"]
[WhiteElo "2121"]
[BlackElo "2135"]
[PlyCount "102"]

1. Nf3 Nf6 2. c4 e6 3. g3 b6 4. Bg2 Bb7 5. O-O c5 6. d4 cxd4 7. Qxd4 d6 8. Nc3
a6 9. Rd1 Be7 10. b3 Nbd7 11. Bb2 O-O 12. h3 Qc7 13. Rac1 Rac8 14. e4 Qb8 15.
Nh2 Rfd8 16. Ng4 Nxg4 17. hxg4 Ne5 18. f4 Nxg4 19. Nd5 Bf6 20. Nxf6+ Nxf6 21.
Qxb6 Ne8 22. Rd2 Qa8 23. Qe3 Bc6 24. Rcd1 Rd7 25. Qe2 Qb7 26. Kh2 Rcd8 27. Bc3
Qc7 28. Rd3 Qb8 29. Qe3 Qc7 30. Qd2 Qb7 31. Ba5 Rc8 32. e5 Be4 33. Rd4 Bxg2 34.
Qxg2 d5 35. cxd5 Qb5 36. b4 exd5 37. Rxd5 Rxd5 38. Rxd5 Qa4 39. Rd2 Qa3 40. Qb7
Qc3 41. Qd7 g6 42. e6 Nf6 43. exf7+ Kg7 44. Qd4 Qc1 45. Bd8 Rxd8 46. Qxd8 Ng4+
47. Kg2 Qc6+ 48. Kf1 Qh1+ 49. Ke2 Qe4+ 50. Kd1 Qb1+ 51. Ke2 Qe4+ 1/2-1/2

[Event "O Pohár mìsta Øíèany 2014 - OPEN A"]
[Site "Øíèany"]
[Date "2014.08.27"]
[Round "6.4"]
[White "Korsa, Jindrich"]
[Black "Postupa, Pavel"]
[Result "1-0"]
[WhiteElo "2134"]
[BlackElo "2260"]
[PlyCount "97"]

1. e4 c5 2. Nc3 d6 3. g4 Nc6 4. Bg2 e5 5. d3 Be7 6. Nd5 b5 7. h3 Be6 8. Ne2 Nf6
9. Ng3 Rc8 10. O-O Nd7 11. f4 exf4 12. Bxf4 Nce5 13. Nf5 Bxf5 14. exf5 Bg5 15.
Qd2 h6 16. c3 Bxf4 17. Rxf4 Nb6 18. Re1 Nxd5 19. Bxd5 O-O 20. f6 g5 21. Rf5 Ng6
22. h4 Re8 23. Rxe8+ Qxe8 24. hxg5 b4 25. c4 Qf8 26. Rf2 Re8 27. Rh2 Re5 28.
Rxh6 Rxd5 29. cxd5 Qe8 30. Rh3 Qe5 31. Qe3 Nf4 32. Rf3 Nxd5 33. Qxe5 dxe5 34.
Rf5 Nf4 35. Rxe5 Nxd3 36. Re8+ Kh7 37. Rf8 Ne5 38. Kf1 a5 39. Ke2 c4 40. Ra8
Nc6 41. Ke3 c3 42. bxc3 bxc3 43. Kd3 Nb4+ 44. Kxc3 Nxa2+ 45. Kd4 Nb4 46. Rf8
Nc6+ 47. Ke4 Kg6 48. Rg8+ Kh7 49. Rg7+ 1-0

[Event "O Pohár mìsta Øíèany 2014 - OPEN A"]
[Site "Øíèany"]
[Date "2014.08.27"]
[Round "6.5"]
[White "Hrdina, Robin"]
[Black "Svatos, Jan"]
[Result "1/2-1/2"]
[WhiteElo "2077"]
[BlackElo "2233"]
[PlyCount "108"]

1. e4 d6 2. d4 Nf6 3. Nc3 g6 4. Be3 c6 5. f3 Nbd7 6. g4 b5 7. h4 e5 8. d5 b4 9.
dxc6 bxc3 10. cxd7+ Bxd7 11. b3 Bc6 12. Qd3 Qa5 13. Bg5 Nd7 14. Qa6 Qxa6 15.
Bxa6 h5 16. gxh5 Rxh5 17. Ne2 Be7 18. O-O-O Rxg5 19. hxg5 Bxg5+ 20. Kb1 Bd2 21.
Nxc3 Bxc3 22. Rxd6 Bxe4 23. fxe4 Ke7 24. Rc6 Bd4 25. Rh7 Rf8 26. c3 Bb6 27. Bc4
g5 28. Re6+ Kd8 29. Rd6 Ke7 30. Rxd7+ Kxd7 31. Rxf7+ Rxf7 32. Bxf7 g4 33. Bh5
g3 34. Bf3 Bf2 35. Kc2 Be1 36. Kd3 Kc6 37. Kc4 Bd2 38. Bg2 Be1 39. b4 a6 40.
Kb3 a5 41. a3 axb4 42. cxb4 Kb5 43. a4+ Kb6 44. Kc4 Bd2 45. a5+ Kc6 46. Bf1 Be1
47. Kb3 Bd2 48. Ka4 Be1 49. Kb3 Bd2 50. Kc4 Be1 51. b5+ Kd6 52. a6 Bf2 53. Kb4
Bb6 54. Bc4 Ba7 1/2-1/2

[Event "O Pohár mìsta Øíèany 2014 - OPEN A"]
[Site "Øíèany"]
[Date "2014.08.27"]
[Round "6.6"]
[White "Lacza, Tibor"]
[Black "Cerny, Martin"]
[Result "1-0"]
[WhiteElo "2067"]
[BlackElo "2184"]
[PlyCount "119"]

1. d4 Nf6 2. c4 c5 3. d5 b5 4. Qc2 b4 5. e4 d6 6. Bd3 e5 7. Ne2 g6 8. a3 Nbd7
9. f3 Bg7 10. Be3 O-O 11. g4 Ne8 12. a4 Nb6 13. Nd2 Bd7 14. Ng3 Rb8 15. Qb3 Bf6
16. Bc2 Bg5 17. Qd3 Ng7 18. Bxg5 Qxg5 19. h4 Qf4 20. Ne2 Qf6 21. b3 h5 22. g5
Qe7 23. O-O-O a5 24. Rdg1 Ra8 25. Kb1 Rfb8 26. Ka2 Qe8 27. Rf1 Ra7 28. Kb2 Rab7
29. Ra1 Qe7 30. Rhg1 Be8 31. Qe3 Kh7 32. Nc1 Qd7 33. Nd3 Qe7 34. Rgf1 Nd7 35.
f4 exf4 36. Qxf4 Nb6 37. Rfe1 Bd7 38. e5 dxe5 39. Nxe5 Qf8 40. Qxf7 Qxf7 41.
Nxf7 Nf5 42. Bxf5 Bxf5 43. Nd6 Rd7 44. Nxf5 gxf5 45. Re5 Rf8 46. Rae1 Nc8 47.
Nf3 f4 48. Re6 Rd6 49. Kc2 Kg7 50. Re8 Rd8 51. Rxf8 Rxf8 52. Re6 Rf7 53. Kd3
Kf8 54. Ke4 Kg7 55. Ne5 Rf8 56. Ng6 Rf7 57. Nxf4 Ne7 58. Nxh5+ Kg8 59. Nf6+ Kf8
60. d6 1-0

[Event "O Pohár mìsta Øíèany 2014 - OPEN A"]
[Site "Øíèany"]
[Date "2014.08.27"]
[Round "6.7"]
[White "Krivanek, Vladimir"]
[Black "Voracek, Zdenek"]
[Result "1/2-1/2"]
[WhiteElo "2175"]
[BlackElo "2020"]
[PlyCount "84"]

1. e4 Nf6 2. Nc3 d5 3. exd5 Nxd5 4. Bc4 e6 5. Qf3 Nb6 6. Bb3 c5 7. d3 Nc6 8.
Nge2 Bd7 9. Qg3 Nd4 10. Nxd4 cxd4 11. Ne4 Bc6 12. Bf4 Qd7 13. Nd6+ Kd8 14. O-O
f6 15. Rfe1 Nd5 16. Bxd5 Bxd5 17. Ne4 Rc8 18. c4 dxc3 19. bxc3 e5 20. Bd2 h5
21. h4 Qg4 22. Qh2 Ba3 23. f3 Qd7 24. Qg3 Bxe4 25. fxe4 Bb2 26. Rab1 Bxc3 27.
Bxc3 Rxc3 28. Qf2 b6 29. d4 exd4 30. Rb4 Re3 31. Rxd4 Qxd4 32. Rxe3 Re8 33. Qe2
Re5 34. Kh2 Ke7 35. Qf3 f5 36. Qg3 Rxe4 37. Qg5+ Kd6 38. Qd8+ Ke5 39. Qe7+ Kf4
40. Qg5+ Ke5 41. Qxg7+ Kd6 42. Qg6+ Ke5 1/2-1/2

[Event "O Pohár mìsta Øíèany 2014 - OPEN A"]
[Site "Øíèany"]
[Date "2014.08.27"]
[Round "6.8"]
[White "Krejci, Martin"]
[Black "Starek, Stanislav"]
[Result "1/2-1/2"]
[WhiteElo "2059"]
[BlackElo "2123"]
[PlyCount "48"]

1. e4 d6 2. d4 Nf6 3. Nc3 e5 4. Nf3 Nbd7 5. Be2 Be7 6. O-O O-O 7. h3 c6 8. a4
a5 9. Be3 Qc7 10. Nd2 exd4 11. Bxd4 Nc5 12. f4 Rd8 13. Bxc5 dxc5 14. Bc4 b5 15.
axb5 cxb5 16. Bxb5 c4 17. Qe2 Qc5+ 18. Kh2 Rb8 19. Nxc4 Rxb5 20. Nxb5 Ba6 21.
Nca3 Qc6 22. e5 Bxa3 23. exf6 Bxb5 24. Qg4 Qxf6 1/2-1/2

[Event "O Pohár mìsta Øíèany 2014 - OPEN A"]
[Site "Øíèany"]
[Date "2014.08.27"]
[Round "6.9"]
[White "Pycha, Patrik"]
[Black "Pospisil, Evzen"]
[Result "1-0"]
[WhiteElo "2002"]
[BlackElo "2104"]
[PlyCount "57"]

1. e4 c5 2. b3 Nc6 3. Bb2 d6 4. Nc3 e5 5. Bc4 Nf6 6. Nge2 Be7 7. O-O O-O 8. f4
Nd4 9. d3 Rb8 10. a4 a6 11. a5 Nc6 12. fxe5 dxe5 13. Nd5 Nxd5 14. Bxd5 Nd4 15.
Nxd4 cxd4 16. Qh5 Bf6 17. Ba3 Be6 18. Bxe6 fxe6 19. Bxf8 Qxf8 20. Rf3 Rc8 21.
Raf1 Qe7 22. Qg4 Kf7 23. Rg3 Kg8 24. Rgf3 Kf7 25. Qh4 Kg8 26. Qg3 Kf7 27. Qxe5
Rxc2 28. Qh5+ Kg8 29. e5 1-0

[Event "O Pohár mìsta Øíèany 2014 - OPEN A"]
[Site "Øíèany"]
[Date "2014.08.27"]
[Round "6.10"]
[White "Fencl, Pavel"]
[Black "Hradecky, Ivo"]
[Result "0-1"]
[WhiteElo "1974"]
[BlackElo "2090"]
[PlyCount "98"]

1. c4 e5 2. Nc3 Nf6 3. g3 d5 4. cxd5 Nxd5 5. Bg2 Nb6 6. d3 Be7 7. Nf3 Nc6 8.
O-O O-O 9. a3 Be6 10. b4 a5 11. b5 Nd4 12. e3 Nb3 13. Rb1 Nxc1 14. Qxc1 Qxd3
15. Nxe5 Qd6 16. f4 f6 17. Bxb7 Rab8 18. Ne4 Qxa3 19. Qxc7 Qxe3+ 20. Nf2 Bb4
21. Nc6 Nd5 22. Qxb8 Rxb8 23. Nxb8 Nc3 24. Rxb4 axb4 25. Nc6 b3 26. f5 Bc4 27.
Ra1 Ne2+ 28. Kg2 b2 29. Ra8+ Kf7 30. Nd8+ Ke7 31. Be4 Bd5 32. Nc6+ Bxc6 33.
Bxc6 Kd6 34. Rd8+ Kc7 35. Rd7+ Kc8 36. Ne4 Qxe4+ 37. Bxe4 Kxd7 38. g4 Nc3 39.
Bd3 b1=Q 40. Bxb1 Nxb1 41. Kf3 Nc3 42. b6 Kc6 43. h4 Kxb6 44. g5 Kc6 45. Kg4
Kd6 46. gxf6 gxf6 47. Kh5 Ke5 48. Kh6 Kxf5 49. Kxh7 Ne4 0-1

[Event "O Pohár mìsta Øíèany 2014 - OPEN A"]
[Site "Øíèany"]
[Date "2014.08.27"]
[Round "6.11"]
[White "Postupa, Martin"]
[Black "Fuskova, Martina"]
[Result "1-0"]
[WhiteElo "2085"]
[BlackElo "1948"]
[PlyCount "77"]

1. e4 c5 2. Nc3 e6 3. g3 Nc6 4. Bg2 d6 5. Nge2 Nf6 6. h3 a6 7. d4 cxd4 8. Nxd4
Bd7 9. O-O Be7 10. Be3 Qc7 11. Qd2 Ne5 12. b3 Rc8 13. Nce2 O-O 14. f4 Nc6 15.
c4 Rfd8 16. g4 Nxd4 17. Bxd4 Bc6 18. Qe3 Nd7 19. Qf2 Nc5 20. Ng3 Bh4 21. Kh2
Qd7 22. Qe3 Bxg3+ 23. Kxg3 Qe7 24. Rad1 b5 25. cxb5 Bxb5 26. Rf2 Rd7 27. Rfd2
Nb7 28. Bb2 Rdc7 29. a4 Be8 30. Bf1 Rc6 31. b4 Qc7 32. b5 axb5 33. axb5 Rc5 34.
Bd4 Rc2 35. b6 Qe7 36. Ba6 f6 37. Qb3 Rxd2 38. Rxd2 Bf7 39. Rc2 1-0

[Event "O Pohár mìsta Øíèany 2014 - OPEN A"]
[Site "Øíèany"]
[Date "2014.08.27"]
[Round "6.12"]
[White "Petras, Milan"]
[Black "Kulhanek, Tomas"]
[Result "0-1"]
[WhiteElo "2046"]
[BlackElo "2333"]
[PlyCount "86"]

1. e4 c5 2. c4 Nc6 3. Nc3 g6 4. g3 Bg7 5. Nge2 Nh6 6. d3 O-O 7. Bg2 f5 8. h4
fxe4 9. dxe4 Nf7 10. f4 d6 11. h5 Bg4 12. hxg6 hxg6 13. Be3 Nd4 14. Kf2 Ne5 15.
Bxd4 cxd4 16. Qxd4 Be6 17. Kf1 Nxc4 18. Qf2 Qb6 19. Qxb6 axb6 20. Kg1 Nxb2 21.
Rb1 Rfc8 22. Nd5 Bxd5 23. exd5 Rc2 24. Bf3 Rxa2 25. Rc1 Rxc1+ 26. Nxc1 Ra3 27.
Kg2 Nc4 28. Ne2 b5 29. Rc1 Bb2 30. Rb1 Kg7 31. g4 b4 32. g5 Ne3+ 33. Kf2 Nf5
34. Be4 Bd4+ 35. Kg2 Ne3+ 36. Kf2 Bc5 37. Rc1 Nf5+ 38. Kg2 Re3 39. Bxf5 Rxe2+
40. Kf1 Rf2+ 41. Ke1 gxf5 42. Rxc5 dxc5 43. Kxf2 b3 0-1

[Event "O Pohár mìsta Øíèany 2014 - OPEN A"]
[Site "Øíèany"]
[Date "2014.08.27"]
[Round "6.13"]
[White "Skalicky, Tomas"]
[Black "Bednar, Marcel"]
[Result "1/2-1/2"]
[WhiteElo "2024"]
[BlackElo "2300"]
[PlyCount "108"]

1. c4 Nf6 2. Nc3 d5 3. cxd5 Nxd5 4. g3 g6 5. Bg2 Nxc3 6. bxc3 Bg7 7. Nf3 c5 8.
O-O Nc6 9. Rb1 O-O 10. Qa4 e5 11. d3 Na5 12. Nd2 Bd7 13. Qc2 Qc7 14. c4 f5 15.
Bb2 Rad8 16. Bc3 Nc6 17. Qb2 b6 18. Bd5+ Kh8 19. Nf3 Nd4 20. Ng5 f4 21. Bxd4
exd4 22. Nf7+ Rxf7 23. Bxf7 Bh3 24. Bd5 Bxf1 25. Rxf1 h5 26. Qb5 Qe5 27. Qc6
Rd6 28. Qa8+ Kh7 29. Be4 Qg5 30. Qxa7 h4 31. Kg2 Kh6 32. Qf7 Rf6 33. Qd7 Rf8
34. Qh3 Bf6 35. Qxh4+ Qxh4 36. gxh4 Bxh4 37. Kh3 Bd8 38. Rg1 g5 39. Kg4 Kg7 40.
h3 Rh8 41. Rh1 Kf6 42. h4 Rxh4+ 43. Rxh4 gxh4 44. Kxf4 h3 45. Kg3 Bc7+ 46. Kxh3
Kg5 47. e3 Bd6 48. Kg2 Kg4 49. Bf3+ Kf5 50. Bh5 dxe3 51. fxe3 Be5 52. Kf3 Bc3
53. Be8 Ke5 54. a4 Bd2 1/2-1/2

[Event "O Pohár mìsta Øíèany 2014 - OPEN A"]
[Site "Øíèany"]
[Date "2014.08.27"]
[Round "6.14"]
[White "Vojta, Pavel"]
[Black "Matejovsky, Ondrej"]
[Result "1/2-1/2"]
[WhiteElo "2225"]
[BlackElo "2014"]
[PlyCount "77"]

1. d4 d5 2. Nf3 Nf6 3. c4 e6 4. Bg5 Be7 5. Nc3 O-O 6. e3 h6 7. Bh4 Nbd7 8. Rc1
b6 9. cxd5 exd5 10. Bb5 Bb7 11. O-O c6 12. Bd3 Ne4 13. Bxe7 Qxe7 14. Nd2 Nxc3
15. Rxc3 c5 16. dxc5 bxc5 17. Bf5 Nb6 18. Qc2 g6 19. Bh3 Bc8 20. Bxc8 Raxc8 21.
Nf3 Rfd8 22. Rc1 Nd7 23. Qa4 Rc7 24. Qf4 Nf6 25. Qxh6 Ne4 26. R3c2 Qf6 27. Qh4
Qxh4 28. Nxh4 c4 29. Nf3 Nc5 30. Rd1 Rdd7 31. Ne5 Re7 32. Rxd5 Nd3 33. Rxc4
Nxe5 34. Rxc7 Rxc7 35. g3 f6 36. h3 Kf7 37. a4 Rb7 38. Ra5 Nc4 39. Ra6 1/2-1/2

[Event "O Pohár mìsta Øíèany 2014 - OPEN A"]
[Site "Øíèany"]
[Date "2014.08.27"]
[Round "6.15"]
[White "Kubikova, Hana"]
[Black "Havelka, Josef"]
[Result "1/2-1/2"]
[WhiteElo "2172"]
[BlackElo "2019"]
[PlyCount "120"]

1. d4 Nf6 2. c4 g6 3. Nc3 Bg7 4. e4 d6 5. Be2 O-O 6. f4 c5 7. d5 e6 8. Nf3 exd5
9. cxd5 Bg4 10. O-O Re8 11. h3 Bxf3 12. Bxf3 Nbd7 13. Kh1 b5 14. e5 dxe5 15.
fxe5 Nxe5 16. Bg5 h6 17. Bxf6 Qxf6 18. d6 Nxf3 19. Rxf3 Qe5 20. Nxb5 Rab8 21.
a4 a6 22. Na3 Rb4 23. Rc1 Rd4 24. Qb3 Re6 25. Rcf1 f5 26. Nc2 c4 27. Qb8+ Re8
28. Qb7 Re4 29. d7 Rd8 30. Nb4 Qd6 31. Nxa6 Rxd7 32. Qb5 Ra7 33. Nc5 Rd4 34.
Ne6 Rd5 35. Qe8+ Kh7 36. Nxg7 Kxg7 37. Re3 Rf7 38. Rfe1 Rd3 39. Re7 Rxe7 40.
Rxe7+ Kf6 41. Re1 Rd2 42. h4 Rd1 43. a5 Rxe1+ 44. Qxe1 g5 45. Qc3+ Kg6 46. Qe3
Kh5 47. hxg5 hxg5 48. Qe2+ g4 49. Qe8+ Kh4 50. Qh8+ Kg5 51. Qg7+ Kf4 52. Qc3
Qd1+ 53. Kh2 Qd3 54. a6 Kg5 55. a7 Qd6+ 56. g3 Qh6+ 57. Kg1 Qb6+ 58. Kf1 Qxa7
59. Ke2 Qe7+ 60. Kd2 Qe4 1/2-1/2

[Event "O Pohár mìsta Øíèany 2014 - OPEN A"]
[Site "Øíèany"]
[Date "2014.08.27"]
[Round "6.16"]
[White "Dungl, Martin"]
[Black "Hurtak, Otto"]
[Result "1-0"]
[WhiteElo "2093"]
[BlackElo "1995"]
[PlyCount "105"]

1. d4 Nf6 2. c4 e6 3. Nc3 Bb4 4. e3 c5 5. Nge2 O-O 6. a3 Bxc3+ 7. Nxc3 d6 8. b4
b6 9. Be2 Bb7 10. Bf3 Qe7 11. O-O Nc6 12. Rb1 Rab8 13. d5 Ne5 14. Be2 exd5 15.
cxd5 Rbc8 16. f4 Ned7 17. Qd3 Rfe8 18. Bf3 cxb4 19. axb4 Nf8 20. Re1 a6 21. Bb2
Qc7 22. Na4 b5 23. Rbc1 Qe7 24. Bxf6 Qxf6 25. Nc3 Rc4 26. Ne4 Qf5 27. Rxc4 bxc4
28. Qxc4 Bxd5 29. Nxd6 Bxc4 30. Nxf5 Rb8 31. Ne7+ Kh8 32. Nc6 Rc8 33. Rd1 g6
34. Rd4 Bb5 35. Rd8 Rxd8 36. Nxd8 Kg7 37. Kf2 Kf6 38. Be2 Nd7 39. Bxb5 axb5 40.
Nc6 Nb6 41. e4 Na8 42. Ke3 Nc7 43. g4 Ke6 44. Kd4 Kd6 45. Ne5 f6 46. Nd3 Ne6+
47. Ke3 h6 48. Ne1 g5 49. f5 Nd8 50. Nc2 Nc6 51. Nd4 Nxb4 52. Nxb5+ Ke5 53. Na3
1-0

[Event "O Pohár mìsta Øíèany 2014 - OPEN A"]
[Site "Øíèany"]
[Date "2014.08.27"]
[Round "6.17"]
[White "Skacel, Jan"]
[Black "Tejkal, Jiri"]
[Result "1/2-1/2"]
[WhiteElo "2075"]
[BlackElo "1941"]
[PlyCount "57"]

1. d4 d5 2. c4 c6 3. Nf3 Nf6 4. Qc2 e6 5. e3 Nbd7 6. Nc3 Bd6 7. b3 O-O 8. Bb2
Re8 9. Be2 b6 10. O-O Bb7 11. e4 dxe4 12. Nxe4 Nxe4 13. Qxe4 f5 14. Qc2 c5 15.
Rad1 Qc7 16. h3 cxd4 17. Nxd4 a6 18. Bf3 Bxf3 19. Nxf3 Nc5 20. Rfe1 Ne4 21. Nd2
Bb4 22. Rxe4 fxe4 23. Nxe4 Rad8 24. g3 Qf7 25. a3 Qf3 26. Rf1 Bc5 27. b4 Be7
28. c5 bxc5 29. bxc5 1/2-1/2

[Event "O Pohár mìsta Øíèany 2014 - OPEN A"]
[Site "Øíèany"]
[Date "2014.08.27"]
[Round "6.18"]
[White "Havelka, Jan"]
[Black "Simecek, Bohumil"]
[Result "1/2-1/2"]
[WhiteElo "1891"]
[BlackElo "2058"]
[PlyCount "53"]

1. e4 d5 2. exd5 Nf6 3. c4 e6 4. d4 exd5 5. Nf3 Be7 6. Nc3 O-O 7. cxd5 Nxd5 8.
Bc4 Nb6 9. Bb3 Bg4 10. O-O N8d7 11. h3 Bh5 12. Be3 Nf6 13. g4 Bg6 14. Ne5 Nfd5
15. Qe2 c6 16. f4 f5 17. Nxg6 hxg6 18. g5 Qd6 19. Qf2 Kf7 20. Rae1 Rh8 21. Kg2
Qd7 22. Bd2 Bd6 23. a4 a5 24. Qf3 Bc7 25. Re2 Rhe8 26. Rfe1 Rxe2+ 27. Qxe2
1/2-1/2

[Event "O Pohár mìsta Øíèany 2014 - OPEN A"]
[Site "Øíèany"]
[Date "2014.08.27"]
[Round "6.19"]
[White "Kohout, Vratislav"]
[Black "Hadrava, Jaroslav"]
[Result "1-0"]
[WhiteElo "2119"]
[BlackElo "1918"]
[PlyCount "63"]

1. d4 d5 2. Nf3 e6 3. Bf4 Bd6 4. Bg3 Bxg3 5. hxg3 Nf6 6. Nbd2 Nbd7 7. e3 c6 8.
Bd3 h6 9. Qe2 b6 10. O-O-O Bb7 11. Ne5 Nxe5 12. dxe5 Nd7 13. Qg4 g5 14. f4 Qe7
15. Nf3 O-O-O 16. f5 exf5 17. Bxf5 Kc7 18. Qd4 h5 19. Qc3 Nc5 20. Nd4 Rde8 21.
b4 Ne4 22. Bxe4 dxe4 23. Nb5+ Kb8 24. Nd6 Ref8 25. Rhf1 h4 26. gxh4 gxh4 27.
Rf6 Rh5 28. e6 fxe6 29. Rxf8+ Qxf8 30. Nxb7 Kxb7 31. Rd7+ Ka6 32. Qc4+ 1-0

[Event "O Pohár mìsta Øíèany 2014 - OPEN A"]
[Site "Øíèany"]
[Date "2014.08.27"]
[Round "6.20"]
[White "Vorackova, Jarmila"]
[Black "Vecera, Petr"]
[Result "1/2-1/2"]
[WhiteElo "1936"]
[BlackElo "2045"]
[PlyCount "75"]

1. d4 Nf6 2. c4 e6 3. Nc3 Bb4 4. Qc2 b6 5. Bg5 Bb7 6. a3 Bxc3+ 7. Qxc3 O-O 8.
Nf3 d6 9. g3 Nbd7 10. Bg2 h6 11. Bxf6 Nxf6 12. O-O Qe7 13. Rfd1 Rac8 14. Nd2
Bxg2 15. Kxg2 d5 16. b4 Rfe8 17. e3 Ne4 18. Qd3 Nxd2 19. Rxd2 dxc4 20. Qxc4 e5
21. dxe5 Qxe5 22. Rad1 c5 23. Rd7 Re7 24. Rd8+ Re8 25. Rxc8 Rxc8 26. Qa6 Qc7
27. Qc4 cxb4 28. Qxc7 Rxc7 29. Rd8+ Kh7 30. axb4 Kg6 31. Kf3 Kf5 32. h4 Ke6 33.
g4 Rc4 34. Ra8 Rxb4 35. Rxa7 h5 36. gxh5 Rxh4 37. Rb7 Rb4 38. Kg3 1/2-1/2

[Event "O Pohár mìsta Øíèany 2014 - OPEN A"]
[Site "Øíèany"]
[Date "2014.08.27"]
[Round "6.21"]
[White "Vavrinec, Tomas"]
[Black "Forman, Miroslav"]
[Result "1-0"]
[WhiteElo "2044"]
[BlackElo "1926"]
[PlyCount "61"]

1. d4 Nf6 2. Nf3 c6 3. g3 d6 4. Bg2 Bg4 5. O-O Nbd7 6. c4 e5 7. Nc3 Be7 8. e4
O-O 9. Be3 exd4 10. Qxd4 Bxf3 11. Bxf3 Ne5 12. Be2 Nfg4 13. Bf4 Bf6 14. Qd1 g5
15. Bd2 Qd7 16. f3 Nh6 17. Qc1 Qe7 18. h4 gxh4 19. Bxh6 hxg3 20. Bxf8 Rxf8 21.
Qh6 Ng6 22. f4 Nh4 23. e5 dxe5 24. Ne4 Bg7 25. Qg5 Qxg5 26. fxg5 f5 27. gxf6
Bh6 28. Nxg3 Be3+ 29. Kh1 Bf4 30. Ne4 Nf5 31. Rad1 1-0

[Event "O Pohár mìsta Øíèany 2014 - OPEN A"]
[Site "Øíèany"]
[Date "2014.08.27"]
[Round "6.22"]
[White "Kratky, Josef"]
[Black "Grecny, Karol"]
[Result "1-0"]
[WhiteElo "2009"]
[BlackElo "1888"]
[PlyCount "81"]

1. Nf3 e6 2. c4 d5 3. g3 c6 4. b3 Nf6 5. Bg2 Nbd7 6. Bb2 Be7 7. O-O O-O 8. d3
Re8 9. Nbd2 Nf8 10. Rc1 Ng6 11. Re1 Bb4 12. a3 Ba5 13. b4 Bc7 14. Qc2 Bd7 15.
d4 Rc8 16. e4 h6 17. Bf1 Re7 18. Bd3 Be8 19. cxd5 exd5 20. e5 Nh7 21. Bf5 Rb8
22. a4 Nhf8 23. Ba3 Ne6 24. b5 Ngf8 25. Bxe7 Qxe7 26. Bd3 Bb6 27. Nb3 cxb5 28.
axb5 Ng5 29. Nxg5 hxg5 30. Qb2 Ne6 31. Red1 g6 32. Bf1 Qf8 33. Nc5 Ng7 34. Qb3
Nf5 35. Qxd5 Rd8 36. Qe4 Bxc5 37. dxc5 Rxd1 38. Rxd1 Qxc5 39. e6 Bxb5 40. exf7+
Kxf7 41. Qxb7+ 1-0

[Event "O Pohár mìsta Øíèany 2014 - OPEN A"]
[Site "Øíèany"]
[Date "2014.08.27"]
[Round "6.23"]
[White "Franek, Jan"]
[Black "Kolasin, Jan"]
[Result "1-0"]
[WhiteElo "1921"]
[BlackElo "2008"]
[PlyCount "61"]

1. d4 Nf6 2. c4 g6 3. Nc3 Bg7 4. e4 d6 5. Nge2 O-O 6. Ng3 e5 7. d5 Nbd7 8. h4
h5 9. Be2 a5 10. Bg5 Nc5 11. Bxh5 gxh5 12. Nxh5 Kh8 13. Nxf6 Bxf6 14. Qh5+ Kg8
15. Kd2 Be7 16. Rag1 Re8 17. Rh3 Bxg5+ 18. hxg5 Bxh3 19. gxh3 Re7 20. f3 Qf8
21. Nd1 Qg7 22. Ne3 Rae8 23. g6 f6 24. Nf5 Qh8 25. Nh6+ Kg7 26. Nf5+ Kg8 27.
Qg4 Rd8 28. h4 Red7 29. h5 Re7 30. h6 Na4 31. Nxe7+ 1-0

[Event "O Pohár mìsta Øíèany 2014 - OPEN A"]
[Site "Øíèany"]
[Date "2014.08.27"]
[Round "6.24"]
[White "Pychova, Nela"]
[Black "Paulovic, Milan"]
[Result "1/2-1/2"]
[WhiteElo "2006"]
[BlackElo "1855"]
[PlyCount "108"]

1. c4 e5 2. Nc3 Nc6 3. g3 f5 4. Bg2 Nf6 5. d3 Bb4 6. Bd2 O-O 7. Nd5 Bxd2+ 8.
Qxd2 Ne7 9. Nxf6+ Rxf6 10. Nf3 d6 11. O-O c5 12. a3 Rb8 13. b4 Qc7 14. Rfc1 b6
15. Rab1 Bb7 16. Rb3 h6 17. Qb2 Re6 18. Ne1 Bxg2 19. Nxg2 Kh7 20. Ne3 Qb7 21.
Qb1 g6 22. a4 h5 23. Qb2 Re8 24. bxc5 dxc5 25. a5 Rb8 26. Rb1 f4 27. Ng2 fxg3
28. hxg3 Nf5 29. axb6 Rxb6 30. Rxb6 Qxb6 31. Qxb6 Rxb6 32. Rxb6 axb6 33. Kf1
Nd6 34. Ne3 Kg7 35. Nd5 b5 36. cxb5 Nxb5 37. Nb6 e4 38. dxe4 Nd6 39. f3 Kf7 40.
e5 Nf5 41. Kf2 h4 42. gxh4 Nxh4 43. f4 Nf5 44. e4 Nd4 45. Ke3 Ke6 46. Na4 Nb3
47. Kd3 g5 48. fxg5 Kxe5 49. Kc3 c4 50. Kxc4 Nd2+ 51. Kd3 Nxe4 52. g6 Nf2+ 53.
Ke2 Kf6 54. Kxf2 Kxg6 1/2-1/2

[Event "O Pohár mìsta Øíèany 2014 - OPEN A"]
[Site "Øíèany"]
[Date "2014.08.27"]
[Round "6.25"]
[White "Prochazka, Petr"]
[Black "Skala, Jaromir"]
[Result "1/2-1/2"]
[WhiteElo "1841"]
[BlackElo "2006"]
[PlyCount "63"]

1. e4 e5 2. Nf3 Nc6 3. d4 exd4 4. c3 d5 5. exd5 Qxd5 6. cxd4 Bg4 7. Be2 Bb4+ 8.
Nc3 Bxf3 9. Bxf3 Qc4 10. Bxc6+ Qxc6 11. O-O Bxc3 12. bxc3 O-O-O 13. Be3 Nf6 14.
c4 Qxc4 15. Rc1 Qa6 16. Qc2 Nd5 17. Bg5 Rd7 18. Rfe1 Qg6 19. Qd2 Qd6 20. Re4 f5
21. Re5 h6 22. Bf4 Nxf4 23. Qxf4 Qxd4 24. Qxf5 g6 25. Qf6 Rhd8 26. Rce1 Rd6 27.
Qe7 Qb6 28. h3 Rf6 29. R5e2 Rdf8 30. Rd1 Qc6 31. Red2 b6 32. Qe2 1/2-1/2

[Event "O Pohár mìsta Øíèany 2014 - OPEN A"]
[Site "Øíèany"]
[Date "2014.08.27"]
[Round "6.26"]
[White "Jandl, Vojtech"]
[Black "Postupa st., Pavel"]
[Result "1-0"]
[WhiteElo "1881"]
[BlackElo "1981"]
[PlyCount "91"]

1. d4 Nf6 2. Nd2 d5 3. e3 Bf5 4. Bd3 Bxd3 5. cxd3 e6 6. Ne2 Nc6 7. O-O Be7 8.
Nf3 Nd7 9. Bd2 a5 10. Qb3 Nb6 11. Ne5 Nxe5 12. dxe5 a4 13. Qc2 O-O 14. f4 c6
15. Rf3 Nd7 16. Raf1 f5 17. Nd4 Kf7 18. Rh3 Rh8 19. e4 Bc5 20. Be3 Bxd4 21.
Bxd4 c5 22. Bf2 g6 23. exf5 gxf5 24. Qe2 h5 25. Rxh5 Qg8 26. Rc1 b6 27. b4 axb3
28. axb3 Qg4 29. Qxg4 fxg4 30. Rxh8 Rxh8 31. b4 cxb4 32. Rc7 Ra8 33. Bxb6 Ke8
34. Bd4 Rb8 35. Rc2 b3 36. Rb2 Rb4 37. Be3 Nb8 38. Bd2 Rb5 39. d4 Kf7 40. Kf2
Kg6 41. Ke3 Kf5 42. Kd3 Nc6 43. h3 gxh3 44. gxh3 Rb7 45. Bc1 Na5 46. Rg2 1-0

[Event "O Pohár mìsta Øíèany 2014 - OPEN A"]
[Site "Øíèany"]
[Date "2014.08.27"]
[Round "6.27"]
[White "Stojkovic, Andreja"]
[Black "Berg, Antonin"]
[Result "1/2-1/2"]
[WhiteElo "1970"]
[BlackElo "1853"]
[PlyCount "64"]

1. e4 Nf6 2. e5 Nd5 3. Nc3 Nxc3 4. bxc3 g6 5. f4 Bg7 6. Nf3 O-O 7. d4 c5 8. Be3
Qc7 9. Qd2 d6 10. Bd3 Nd7 11. O-O Nb6 12. Qf2 Nd5 13. Bd2 c4 14. Be4 Nb6 15.
Nh4 d5 16. Bf3 e6 17. g4 Bd7 18. Qg3 Kh8 19. Qh3 Nc8 20. Rf2 Ne7 21. Raf1 Qa5
22. Bd1 Qxa2 23. Nf3 Ng8 24. Ng5 h6 25. f5 exf5 26. gxf5 Bxf5 27. Rxf5 gxf5 28.
Qh5 Qa6 29. Nxf7+ Rxf7 30. Qxf7 Rf8 31. Qh5 Ne7 32. Qf3 Qc6 {dale necitelne}
1/2-1/2